| 000 | 01852nam0a2200373 4500 | ||
|---|---|---|---|
| 001 | RU\NLR\bibl\1852994 | ||
| 005 | 20260407220555.0 | ||
| 010 |
_a978-5-94385-067-7 _9500 |
||
| 021 |
_aRU _b2011-98920 _97087 |
||
| 035 | _a(nilc)RSL-KNO-005114941 | ||
| 035 | _a(NLR Aleph) 001842933 | ||
| 090 |
_a2297159 _c2297159 |
||
| 100 | _a20111216d2011 |||y0rusy50 ca | ||
| 101 | 0 | _arus | |
| 102 | _aRU | ||
| 105 | _aa ||||||||| | ||
| 200 | 1 |
_aОрганизация движения и ограждение мест производства дорожных работ _e(методические рекомендации) _fИн-т проблем безопасности движения _g[Сильянов В. В. и др.] |
|
| 210 |
_aМосква _cИзд-во Техполиграфцентр _d2011 |
||
| 215 |
_a101 с. _cил., табл. _d21 |
||
| 606 | 1 |
_aАвтомобильные дороги _jМетодические пособия _xРемонт _xТехника безопасности _9893109 _3RU\NLR\auth\663102 |
|
| 606 | 1 |
_aАвтомобильный транспорт _jМетодические пособия _xОрганизация движения при производстве дорожных работ _9902541 _3RU\NLR\auth\668326 |
|
| 686 |
_aО311-083-6,07 _2rubbk |
||
| 686 | _aО311-083н6я7 | ||
| 686 | _aО380.2я7 | ||
| 702 | 1 |
_4220 _7ca _8rus _aСильянов _bВ. В. _f1937- _gВалентин Васильевич _9174804 _3RU\NLR\AUTH\770174855 |
|
| 712 | 0 | 2 |
_4570 _aИнститут проблем безопасности движения _cМосква _3RU\NLR\AUTH\8810147109 _9788708 |
| 801 | 0 |
_aRU _bRuMoRKP _c20111216 _grcr |
|
| 801 | 1 |
_aRU _bРГБ _c20111216 |
|
| 801 | 2 |
_aRU _bNLR _c20111226 _grcr |
|
| 830 | _aавт. по базе | ||
| 942 | _cBOOK | ||
| 980 | _aNB | ||
| 980 | _aNBR | ||